[Event "Bohumin op-A 6th"]
[Site "Bohumin"]
[Date "2023.07.09"]
[Round "9"]
[White "Ljepic, Andrej"]
[Black "Fargac, Martin"]
[Result "1-0"]
[WhiteElo "2214"]
[BlackElo "2354"]
[PlyCount "81"]
[EventDate "2023.07.01"]
[EventType "swiss"]
[EventRounds "9"]
[EventCountry "CZE"]
[SourceTitle "CBM 215 Extra"]
[Source "ChessBase"]
[SourceDate "2023.09.30"]
[SourceVersion "1"]
[SourceVersionDate "2023.09.30"]
[SourceQuality "1"]

1. e4 e5 2. Nf3 Nc6 3. Bc4 Nf6 4. d3 Bc5 5. 0-0 0-0 6. c3 d6 7. h3 a5 8. Bb3 Be6 9. Re1 Bxb3 10. Qxb3 a4 11. Qc2 h6 12. Be3 Bxe3 13. Rxe3 Ne7 14. Nbd2 Ng6 15. Rd1 c6 16. Ree1 b5 17. d4 Qc7 18. Nf1 Rfe8 19. Ng3 Rad8 20. c4 Qb6 21. Nf5 exd4 22. Nxd6 c5 23. Nxe8 Rxe8 24. e5 Nd7 25. cxb5 Nf4 26. Re4 Ne6 27. Qxa4 Qb7 28. Ree1 Ra8 29. Qb3 Nb6 30. Nd2 Ra4 31. a3 c4 32. Qf3 Nd5 33. Ne4 Qd7 34. Nc5 Nxc5 35. Rxd4 Nd3 36. Rxd5 Nxe1 37. Rxd7 Nxf3+ 38. gxf3 Ra5 39. b6 Rb5 40. b7 Kh7 41. a4 1-0

[Event "CZE-chT1E 2223"]
[Site "Czech Republic"]
[Date "2023.01.15"]
[Round "6.4"]
[White "Nytra, Ondrej"]
[Black "Fargac, Martin"]
[Result "0-1"]
[WhiteElo "2233"]
[BlackElo "2299"]
[PlyCount "63"]
[EventDate "2022.10.08"]
[EventType "team-tourn"]
[EventRounds "11"]
[EventCountry "CZE"]
[SourceTitle "CBM 213 Extra"]
[Source "ChessBase"]
[SourceDate "2023.05.31"]
[SourceVersion "1"]
[SourceVersionDate "2023.05.31"]
[SourceQuality "1"]
[WhiteTeam "Frydek Mistek II"]
[BlackTeam "Trinec"]
[WhiteTeamCountry "CZE"]
[BlackTeamCountry "CZE"]

1. e4 e5 2. Nf3 Nc6 3. Bb5 a6 4. Ba4 Nf6 5. 0-0 Bc5 6. Bxc6 dxc6 7. Nxe5 Nxe4 8. c3 0-0 9. d4 Be7 10. f3 Nf6 11. Be3 Re8 12. Qb3 Nd5 13. Bf2 f6 14. Nd3 Be6 15. c4 Nb6 16. d5 cxd5 17. c5 Nc4 18. Qxb7 Qd7 19. Qb4 Rab8 20. Qc3 d4 21. Bxd4 Red8 22. Nf4 Bf7 23. Bf2 Rxb2 24. Na3 Rxf2 25. Rxf2 Nxa3 26. Qxa3 Qd4 27. Qc1 Bxc5 28. Nh3 Be6 29. g4 h5 30. Kh1 hxg4 31. Qe1 Bd5 32. Rd1 0-1

[Event "Ustron op-A"]
[Site "Ustron"]
[Date "2022.08.18"]
[Round "7"]
[White "Fargac, Martin"]
[Black "Seemann, Jakub"]
[Result "0-1"]
[WhiteElo "2302"]
[BlackElo "2364"]
[PlyCount "112"]
[EventDate "2022.08.12"]
[EventType "swiss"]
[EventRounds "9"]
[EventCountry "POL"]
[SourceTitle "CBM 210 Extra"]
[Source "ChessBase"]
[SourceDate "2022.11.30"]
[SourceVersion "1"]
[SourceVersionDate "2022.11.30"]
[SourceQuality "1"]

1. d4 Nf6 2. Bf4 e6 3. e3 c5 4. Nd2 Nc6 5. Ngf3 d5 6. c3 cxd4 7. exd4 Nh5 8. Be3 Bd6 9. Ne5 g6 10. Bb5 Qc7 11. Qa4 0-0 12. g4 Nf6 13. g5 Nh5 14. f4 f6 15. gxf6 Rxf6 16. Rf1 Bd7 17. 0-0-0 a6 18. Bxc6 Bxc6 19. Qc2 Kh8 20. Ndf3 Raf8 21. Ng5 Qe7 22. Qd2 Be8 23. Rf2 b5 24. Kb1 Rf5 25. Rg1 a5 26. Qc1 h6 27. Nh3 Kh7 28. Rgg2 Qh4 29. Rf3 Qd8 30. Nf2 Bxe5 31. dxe5 d4 32. cxd4 Qd5 33. Rgg3 Nxg3 34. Rxg3 g5 35. fxg5 Bg6 36. Ka1 h5 37. Qe1 Qc4 38. Rg1 Qc2 39. Qxa5 Rxf2 40. Bxf2 Rxf2 41. Qxb5 Rf7 42. d5 Qxh2 43. Re1 Qd2 44. Rg1 Qxd5 45. Qxd5 exd5 46. b4 Rb7 47. a3 Be4 48. Kb2 Kg6 49. Kb3 h4 50. a4 h3 51. b5 h2 52. Rc1 d4 53. Re1 d3 54. e6 d2 55. Rf1 Rc7 56. b6 h1Q 0-1

[Event "Ustron op-A"]
[Site "Ustron"]
[Date "2022.08.13"]
[Round "2"]
[White "Jarmula, Lukasz"]
[Black "Fargac, Martin"]
[Result "1-0"]
[WhiteElo "2445"]
[BlackElo "2302"]
[PlyCount "67"]
[EventDate "2022.08.12"]
[EventType "swiss"]
[EventRounds "9"]
[EventCountry "POL"]
[SourceTitle "CBM 210 Extra"]
[Source "ChessBase"]
[SourceDate "2022.11.30"]
[SourceVersion "1"]
[SourceVersionDate "2022.11.30"]
[SourceQuality "1"]

1. e4 e5 2. Nf3 Nc6 3. Bc4 Nf6 4. d3 Bc5 5. Nc3 d6 6. Na4 Bb6 7. a3 0-0 8. 0-0 Ne7 9. Bg5 Kh8 10. Nxb6 axb6 11. d4 Nxe4 12. dxe5 Bg4 13. Bh4 d5 14. Bxd5 Qxd5 15. Bxe7 Qxd1 16. Raxd1 Rfe8 17. Bh4 g5 18. Nxg5 Bxd1 19. Rxd1 Nxg5 20. Bxg5 Kg7 21. Bf6+ Kg6 22. Rd7 Ra5 23. g4 h5 24. gxh5+ Kxh5 25. Rxf7 Rc5 26. c3 Rg8+ 27. Kf1 Rc4 28. e6 Kg6 29. Be5 Re8 30. Rf6+ Kg5 31. f4+ Kg4 32. Kg2 Rg8 33. h3+ Kh4+ 34. Kf3 1-0

[Event "Ostrava Konik op-A"]
[Site "Ostrava"]
[Date "2022.05.08"]
[Round "9"]
[White "Fargac, Martin"]
[Black "Dwilewicz, Katarzyna"]
[Result "0-1"]
[WhiteElo "2313"]
[BlackElo "2079"]
[PlyCount "48"]
[EventDate "2022.04.30"]
[EventType "swiss"]
[EventRounds "9"]
[EventCountry "CZE"]
[SourceTitle "CBM 208 Extra"]
[Source "ChessBase"]
[SourceDate "2022.07.31"]
[SourceVersion "1"]
[SourceVersionDate "2022.07.31"]
[SourceQuality "1"]

1. d4 Nf6 2. c4 e6 3. Nf3 d5 4. Nc3 c6 5. Bg5 Nbd7 6. e3 Qa5 7. cxd5 exd5 8. Bd3 Ne4 9. 0-0 Nxg5 10. Nxg5 Nf6 11. Qc2 g6 12. f4 Bg7 13. Rae1 0-0 14. f5 Bd7 15. fxg6 fxg6 16. Ne2 Ng4 17. Bxg6 hxg6 18. Qxg6 Bf5 19. Qh5 Qd2 20. Ng3 Nxe3 21. Re2 Qxd4 22. Kh1 Be4 23. Ref2 Rxf2 24. Rxf2 Qd1+ 0-1

[Event "Ostrava Konik op-A"]
[Site "Ostrava"]
[Date "2022.05.02"]
[Round "3"]
[White "Fargac, Martin"]
[Black "Malinovsky, Petr"]
[Result "1-0"]
[WhiteElo "2313"]
[BlackElo "1930"]
[PlyCount "87"]
[EventDate "2022.04.30"]
[EventType "swiss"]
[EventRounds "9"]
[EventCountry "CZE"]
[SourceTitle "CBM 208 Extra"]
[Source "ChessBase"]
[SourceDate "2022.07.31"]
[SourceVersion "1"]
[SourceVersionDate "2022.07.31"]
[SourceQuality "1"]

1. d4 d5 2. Nf3 e6 3. Bf4 c5 4. e3 Nc6 5. c3 Bd6 6. Bg3 Bxg3 7. hxg3 Qd6 8. Nbd2 Nf6 9. Bb5 Bd7 10. Bxc6 Bxc6 11. Ne5 Nd7 12. Ndf3 h6 13. Qc2 Rf8 14. Qh7 cxd4 15. exd4 g6 16. Qxh6 0-0-0 17. 0-0-0 Ba4 18. Rde1 Kb8 19. Qf4 Nxe5 20. Qxe5 Qxe5 21. Nxe5 Be8 22. Rh7 f6 23. Nd3 Rd7 24. Rh6 Bf7 25. Re3 Re7 26. Rf3 Be8 27. Kd2 Kc7 28. g4 Kd6 29. Ne5 Rg7 30. g5 Ke7 31. gxf6+ Rxf6 32. Rxf6 Kxf6 33. Rh8 Re7 34. Ke3 Kg7 35. Rh3 b5 36. Kf4 a5 37. Kg5 Rc7 38. g4 b4 39. cxb4 axb4 40. Rb3 Ra7 41. Rxb4 Rxa2 42. Rb7+ Kf8 43. Kf6 Ra6 44. Rb8 1-0

[Event "Ostrava Konik op-A"]
[Site "Ostrava"]
[Date "2021.08.08"]
[Round "2"]
[White "Fargac, Martin"]
[Black "Havelka, Ondrej"]
[Result "1-0"]
[WhiteElo "2285"]
[BlackElo "2160"]
[PlyCount "79"]
[EventDate "2021.08.07"]
[EventType "swiss"]
[EventRounds "9"]
[EventCountry "CZE"]
[SourceTitle "EXT 2022"]
[Source "ChessBase"]
[SourceDate "2021.10.06"]
[SourceVersion "1"]
[SourceVersionDate "2021.10.06"]
[SourceQuality "1"]

1. d4 e6 2. c4 d5 3. Nf3 Be7 4. Nc3 Nf6 5. Bf4 0-0 6. e3 Nbd7 7. c5 Ne4 8. Nxe4 dxe4 9. Ne5 Nxe5 10. Bxe5 b6 11. Qc2 Qd5 12. Bc4 Qc6 13. b4 b5 14. Bb3 a5 15. bxa5 Bb7 16. 0-0 Rxa5 17. f3 exf3 18. Rxf3 Qd7 19. d5 Bxd5 20. Bxd5 Qxd5 21. Bxg7 Rfa8 22. Bb2 Rxa2 23. Raf1 f5 24. Qc3 Kf7 25. Qg7+ Ke8 26. c6 Bf8 27. Qf6 Rxb2 28. Qxb2 Ra2 29. Qb1 b4 30. Kh1 Bd6 31. e4 fxe4 32. Re3 Qd2 33. Qxe4 e5 34. Rg3 Qf2 35. Rg8+ Ke7 36. Rg7+ Kf8 37. Rxf2+ Rxf2 38. Qe1 Rf4 39. Rxh7 b3 40. g3 1-0

[Event "Warsaw op-A"]
[Site "Warsaw"]
[Date "2021.07.26"]
[Round "9"]
[White "Fargac, Martin"]
[Black "Szustakowski, Antoni"]
[Result "1-0"]
[WhiteElo "2320"]
[BlackElo "2260"]
[PlyCount "89"]
[EventDate "2021.07.19"]
[EventType "swiss"]
[EventRounds "9"]
[EventCountry "POL"]
[SourceTitle "CBM 203 Extra"]
[Source "ChessBase"]
[SourceDate "2021.09.30"]
[SourceVersion "1"]
[SourceVersionDate "2021.09.30"]
[SourceQuality "1"]

1. d4 Nf6 2. c4 e6 3. Nf3 d5 4. Nc3 dxc4 5. e3 a6 6. a4 b6 7. Bxc4 Bb7 8. 0-0 c5 9. Qe2 Nbd7 10. Rd1 Qc7 11. d5 exd5 12. Nxd5 Nxd5 13. Bxd5 Bxd5 14. Rxd5 Be7 15. e4 Qc6 16. Rd1 0-0 17. e5 Rfe8 18. h3 h6 19. b3 Nf8 20. Be3 Ng6 21. Bc1 b5 22. Be3 Bf8 23. axb5 axb5 24. Rxa8 Rxa8 25. Qc2 Re8 26. b4 c4 27. Nd4 Qb7 28. f4 Rd8 29. e6 Nh8 30. f5 Qd5 31. f6 fxe6 32. Rf1 Qe5 33. Qf2 Bd6 34. f7+ Kh7 35. Bf4 Qxf4 36. Qc2+ Ng6 37. Rxf4 Bxf4 38. Nxe6 Be3+ 39. Kf1 Rd3 40. Nc5 Rd8 41. Qf5 Bxc5 42. bxc5 c3 43. c6 c2 44. Qxc2 Rf8 45. Qf5 1-0

[Event "Warsaw op-A"]
[Site "Warsaw"]
[Date "2021.07.25"]
[Round "8"]
[White "Wojdak, Jan"]
[Black "Fargac, Martin"]
[Result "0-1"]
[WhiteElo "2014"]
[BlackElo "2320"]
[PlyCount "68"]
[EventDate "2021.07.19"]
[EventType "swiss"]
[EventRounds "9"]
[EventCountry "POL"]
[SourceTitle "CBM 203 Extra"]
[Source "ChessBase"]
[SourceDate "2021.09.30"]
[SourceVersion "1"]
[SourceVersionDate "2021.09.30"]
[SourceQuality "1"]

1. e4 e5 2. Nf3 Nc6 3. Bb5 a6 4. Ba4 Nf6 5. 0-0 Bc5 6. c3 0-0 7. d4 Ba7 8. dxe5 Nxe4 9. Qd5 Nc5 10. Bc2 Ne7 11. Qc4 d5 12. exd6 cxd6 13. Bg5 Qd7 14. Bxh7+ Kxh7 15. Qh4+ Kg8 16. Bxe7 Re8 17. Ng5 Qf5 18. Bxd6 Re2 19. Bxc5 Bxc5 20. Nf3 Bd7 21. b4 Ba7 22. Nd4 Bxd4 23. Qxd4 Bc6 24. h3 Rae8 25. Na3 R8e6 26. Qd8+ Re8 27. Qd4 R2e6 28. Kh2 Rg6 29. Rg1 Re4 30. Qd8+ Kh7 31. Raf1 Reg4 32. f3 Qf4+ 33. Kh1 Bxf3 34. Qd3 Rxg2 0-1

[Event "Warsaw op-A"]
[Site "Warsaw"]
[Date "2021.07.24"]
[Round "6"]
[White "Fargac, Martin"]
[Black "Wikar, Martyna"]
[Result "1-0"]
[WhiteElo "2320"]
[BlackElo "2168"]
[PlyCount "81"]
[EventDate "2021.07.19"]
[EventType "swiss"]
[EventRounds "9"]
[EventCountry "POL"]
[SourceTitle "CBM 203 Extra"]
[Source "ChessBase"]
[SourceDate "2021.09.30"]
[SourceVersion "1"]
[SourceVersionDate "2021.09.30"]
[SourceQuality "1"]

1. d4 c5 2. d5 d6 3. e4 Nf6 4. Nc3 g6 5. Nf3 Bg7 6. h3 0-0 7. Bc4 a6 8. a4 e5 9. dxe6 Bxe6 10. Bxe6 fxe6 11. 0-0 Nc6 12. Bg5 h6 13. Bh4 Qe7 14. Qd3 Nb4 15. Qd2 Rad8 16. Rad1 g5 17. Bg3 d5 18. exd5 Nfxd5 19. Nxd5 Rxd5 20. Qe2 Rfd8 21. Rxd5 Rxd5 22. Re1 Rd8 23. Ne5 Nd5 24. c3 Bxe5 25. Qxe5 Re8 26. Kh2 Kf7 27. c4 Nf6 28. Re3 Rd8 29. f4 Rd4 30. f5 Rxc4 31. fxe6+ Kg6 32. Rf3 g4 33. Qf5+ Kg7 34. hxg4 Rxg4 35. Be5 Rg6 36. a5 c4 37. Rg3 Rxg3 38. Kxg3 Qd8 39. Kh4 Qe7 40. g4 Qd8 41. Bc3 1-0

[Event "Warsaw op-A"]
[Site "Warsaw"]
[Date "2021.07.24"]
[Round "7"]
[White "Karolczuk, Iwo"]
[Black "Fargac, Martin"]
[Result "1/2-1/2"]
[WhiteElo "2129"]
[BlackElo "2320"]
[PlyCount "62"]
[EventDate "2021.07.19"]
[EventType "swiss"]
[EventRounds "9"]
[EventCountry "POL"]
[SourceTitle "CBM 203 Extra"]
[Source "ChessBase"]
[SourceDate "2021.09.30"]
[SourceVersion "1"]
[SourceVersionDate "2021.09.30"]
[SourceQuality "1"]

1. c4 e6 2. Nf3 d5 3. e3 Nf6 4. d4 Be7 5. Nbd2 0-0 6. b3 b6 7. cxd5 exd5 8. Bd3 c5 9. 0-0 Bb7 10. Bb2 Nc6 11. a3 Rc8 12. Ne5 Nxe5 13. dxe5 Ne4 14. Nxe4 dxe4 15. Bc4 Qxd1 16. Rfxd1 Rcd8 17. Kf1 h5 18. Ke2 Bc8 19. h3 Be6 20. a4 Rxd1 21. Rxd1 Rd8 22. Rxd8+ Bxd8 23. Bxe6 fxe6 24. f3 Kf7 25. fxe4 Ke8 26. Kd3 Kd7 27. Kc4 Kc6 28. b4 cxb4 29. Kxb4 Be7+ 30. Kc4 a6 31. Bd4 b5+ 1/2-1/2